000 00743nam a2200253Ia 4500
003 OSt
005 20221006160504.0
006 a|||||r|||| 00| 0
007 ta
008 221006b |||||||| |||| 00| 0 eng d
024 _a45,303
037 _cSeries Articles
040 _aEASL
_cEASL
_beng
041 _2eng
_aeng
100 _aStokke kristian
_9673858
245 0 _aPeace - building as small state foreign policy
_b Norway's peace engagement in a changing international context
260 _aLos
_bAngeles Sage Publications London
_c2012
300 _a207-232pp.
_ccm.
490 _v49
650 _a Foreign Policy
650 _aAsian Studies
942 _cREF
_2CC
999 _c1113395
_d1113395